| 000 | 00735nam a22002657a 4500 | ||
|---|---|---|---|
| 001 | 00793 | ||
| 003 | DO-SdBNP | ||
| 005 | 20180131103108.0 | ||
| 007 | 00793 | ||
| 008 | 160720b 1984 sp||||| |||| 00| 0 spa d | ||
| 020 | _a8434808617 | ||
| 040 |
_aBPMSU _bspa _cBPMSU |
||
| 092 |
_axxxxxxxxx _bxxxxxxxxx |
||
| 100 | 1 | _aTerlouw, Jan | |
| 245 | 1 |
_aInvierno en tiempo de guerra / _cJan Terlouw ; traducción J. Valiente Malla |
|
| 250 | _a2a ed. | ||
| 260 |
_aMadrid : _bS. M., _c1984. |
||
| 300 |
_a217 p. : _c21 cm. |
||
| 490 | 1 |
_aGran angular _v14 |
|
| 700 | 1 |
_aValiente Malla, J., _dtr. |
|
| 830 | 0 |
_aGran angular _n14 |
|
| 942 |
_2ddc _cBK |
||
| 945 | _aInventariado extraviado / 2018 VM | ||
| 956 |
_aBTAVÁREZ _c20162007 _b10 _d00793 |
||
| 999 |
_c10991 _d10991 |
||